书目信息 |
| 题名: |
无线光通信
|
|
| 作者: | 柯熙政 , 邓莉君 著 | |
| 分册: | ||
| 出版信息: | 北京 科学出版社 2016.3 |
|
| 页数: | 10,234页 | |
| 开本: | 24cm | |
| 丛书名: | ||
| 单 册: | ||
| 中图分类: | TN929.1 | |
| 科图分类: | ||
| 主题词: | 光通信 | |
| 电子资源: | ||
| ISBN: | 978-7-03-047582-4 | |
| 000 | 00741nam0 2200241 450 | |
| 001 | 0400001426 | |
| 005 | 20171018132629.0 | |
| 010 | @a978-7-03-047582-4@dCNY68.00 | |
| 100 | @a20160406d2016 em y0chiy0110 ea | |
| 101 | 0 | @achi |
| 102 | @aCN@b110000 | |
| 105 | @aa z 000yy | |
| 106 | @ar | |
| 200 | 1 | @a无线光通信@9wu xian guang tong xin@b专著@f柯熙政,邓莉君著 |
| 210 | @a北京@c科学出版社@d2016.3 | |
| 215 | @a10,234页@c图@d24cm | |
| 330 | @a本书内容涉及无线激光通信、可见光通信、紫外光通信及水下光通信,并对未来的通信技术进行了展望。 | |
| 606 | 0 | @a光通信 |
| 690 | @aTN929.1@v5 | |
| 701 | 0 | @a柯熙政@9ke xi zheng@4著 |
| 701 | 0 | @a邓莉君@9deng li jun@4著 |
| 801 | 0 | @aCN@b91MARC@c20171018 |
| 905 | @b1020829-33@dTN929.1@f5@e163 | |
| 无线光通信/柯熙政,邓莉君著.-北京:科学出版社,2016.3 |
| 10,234页:图;24cm |
| ISBN 978-7-03-047582-4:CNY68.00 |
| 本书内容涉及无线激光通信、可见光通信、紫外光通信及水下光通信,并对未来的通信技术进行了展望。 |
| ● |
| 相关链接 |
|
|
|
|
正题名:无线光通信
索取号:TN929.1/163
 
预约/预借
| 序号 | 登录号 | 条形码 | 馆藏地/架位号 | 状态 | 备注 |
| 1 | 1020829 | 210208292 | 第二样本阅览室/ [索取号:TN929.1/163] | 在馆 | |
| 2 | 1020830 | 210208309 | 第三借阅区/ [索取号:TN929.1/163] | 在馆 | |
| 3 | 1020831 | 210208318 | 第三借阅区/ [索取号:TN929.1/163] | 在馆 | |
| 4 | 1020832 | 210208327 | 密集书库-物理学院/ [索取号:TN929.1/163] | 在馆 | |
| 5 | 1020833 | 210208336 | 物理系资料室/ [索取号:TN929.1/163] | 在馆 |